00797nam a2200241 i 45000010005000000030009000050050017000140080041000310200015000720400038000870820019001251000026001442450094001702500012002642600059002763000040003355040051003756500054004266500017004807000018004977000019005157000021005342851BD-DhUAP20210130100952.0200225s2013 ctuab b 001 0 eng  a0500278288 aBD-DhUAPbEngcBD-DhUAPdBD-DhUAP00a709.04 OLI223 aOliveira, Nicolas De. aInstallation art /cNicolas De Oliveira, Nicola Oxley and Michael Petry ; Michael Archer. a1st ed. aLondon : bThames & Hudson, cc1996 [Reprinted 2000]. a208 pages :billustrations ;c28 cm aIncludes bibliographical references and index. aInstallations (Art) Art, Modern -- 20th century.  aArt, Modern. aOxley, Nicola aPetry, Michael aArcher, Michael